[Event "ch-UKR u20"]
[Site "Lviv UKR"]
[Date "2005.04.22"]
[Round "4"]
[White "Jakymov,V"]
[Black "Yarmysty,M"]
[Result "1-0"]
[WhiteElo "2339"]
[BlackElo "2334"]

1.e4 c6 2.d4 g6 3.Nc3 Bg7 4.Bc4 b5 5.Bb3 b4 6.Na4 d6 7.Qf3 Nf6 8.Bd2 Bg4
9.Qd3 a5 10.a3 bxa3 11.Rxa3 O-O 12.Ne2 Na6 13.O-O d5 14.exd5 Nb4 15.Bxb4 axb4
16.Raa1 Nxd5 17.f3 Bf5 18.Qd2 e5 19.Bxd5 Qxd5 20.Nb6 Rxa1 21.Nxd5 Rxf1+ 22.Kxf1 cxd5
23.g4 Be6 24.Qxb4 Rc8 25.c3 h5 26.h3 hxg4 27.hxg4 Bf6 28.Qb6 Bd8 29.Qa7 Bf6
30.dxe5 Bxe5 31.Nd4 Bxd4 32.Qxd4 Rc4 33.Qf6 Kf8 34.b3 Rc8 35.f4 Bxg4 36.Qh8+ Ke7
37.Qh4+ Kd6 38.Qxg4 Rxc3 39.Qd1 Kc5 40.b4+ Kc6 41.b5+ Kc5 42.Qb1 Rf3+ 43.Kg2 Re3
44.Qc1+ Kd4 45.b6 Rb3 46.Qd1+  1-0

[Event "Open"]
[Site "Metz FRA"]
[Date "2005.04.22"]
[Round "7"]
[White "Hisler,T"]
[Black "Svetushkin,D"]
[Result "0-1"]
[WhiteElo "2198"]
[BlackElo "2530"]

1.e4 g6 2.d4 Bg7 3.Nc3 c6 4.Be3 Qb6 5.Qd2 Qxb2 6.Rb1 Qa3 7.h4 h5 8.f3 d6
9.Nh3 Nd7 10.Ng5 Ngf6 11.Be2 Qa5 12.f4 Nb6 13.O-O Ng4 14.e5 d5 15.e6 Bxe6
16.Nxe6 fxe6 17.Qd3 Kf7 18.Bxg4 hxg4 19.Bf2 Nc4 20.Rxb7 Nd6 21.Rb3 Rab8 22.Re1 Nf5
23.Ne2 Qxa2 24.Ra3 Qb2 25.Rxa7 Ra8 26.Rxa8 Rxa8 27.c3 Ra2 28.Kf1 Qc2 29.Qxc2 Rxc2
30.g3 c5 31.dxc5 Bxc3 32.Rc1 Rxc1+ 33.Nxc1 e5 34.c6 Ke6 35.Ne2 Bb2 36.Bc5 e4
37.Kf2 d4 38.Ke1 d3 39.Ng1 Bd4 40.Bxd4 Nxd4 41.Kd2 Nf5  0-1

[Event "3rd V Nabokov Mem"]
[Site "Kiev UKR"]
[Date "2005.04.28"]
[Round "11"]
[White "Kernazhitsky,L"]
[Black "Matorin,E"]
[Result "1-0"]
[WhiteElo "2345"]
[BlackElo "2311"]

1.e4 c6 2.d4 g6 3.Nc3 Bg7 4.Nf3 d5 5.h3 dxe4 6.Nxe4 Nd7 7.Bd3 Ngf6 8.O-O O-O
9.Re1 Qc7 10.Nxf6+ Nxf6 11.Qe2 Nd5 12.c3 Be6 13.Ne5 Rad8 14.Bd2 c5 15.c4 Nb4
16.Bxb4 cxb4 17.d5 Bc8 18.a3 e6 19.axb4 exd5 20.Nf3 dxc4 21.Bxc4 Qb6 22.b5 Bf6
23.Ra2 Qc5 24.b3 Bc3 25.Qe7 Qf5 26.Rc1 Rd7 27.Qe2 Bb4 28.Rxa7 Re7 29.Qc2 Qf4
30.Bd5 Bf5 31.Qc4 Qd6 32.Rxb7 Rc8 33.Rxe7 Rxc4 34.Re8+ Kg7 35.bxc4 Bc5 36.Ne5 Be6
37.Nd3 Bd7 38.Rd8 Ba3 39.Ra1 Qf6 40.Rxa3 Qxd8 41.Ra7 Bxb5 42.Rxf7+ Kh6 43.Ne5 Be8
44.Ng4+ Kg5 45.Rxh7 Bd7 46.Ne5 Be8 47.Ng4 Bd7 48.Ne5 Be8 49.g3 Qf6 50.Be4 Qb6
51.Kg2 Kf6 52.f4 Qb2+ 53.Kf3 Qc3+ 54.Kg4 Qe3 55.Bd5 Qe2+ 56.Nf3 Qe3 57.Kh4 Kf5
58.Ng5 Qe2 59.Be6+  1-0

[Event "23rd Liechtenstein Open"]
[Site "Triesen LIE"]
[Date "2005.04.30"]
[Round "2"]
[White "Janev,E"]
[Black "Mannhart,M"]
[Result "1-0"]
[WhiteElo "2428"]
[BlackElo "2165"]

1.e4 g6 2.d4 Bg7 3.Nc3 c6 4.Be3 d6 5.Qd2 Nd7 6.f4 e6 7.Nf3 f5 8.e5 d5 9.h3 Nh6
10.Bd3 Bf8 11.g4 a6 12.Ng5 Nb8 13.Qg2 Qc7 14.Ne2 Qb6 15.b3 a5 16.gxf5 gxf5
17.Qf3 Kd8 18.Kf2 Na6 19.c3 Qc7 20.Rac1 Qe7 21.Ng3 Nc7 22.Nh5 Nf7 23.Qg3 Ne8
24.Rc2 a4 25.Rb1 axb3 26.axb3 Kc7 27.c4 Kb8 28.Bd2 Rg8 29.Qe3 Nd8 30.cxd5 cxd5
31.Bb5 Bd7 32.Nf6 Bxb5 33.Nxg8 Qg7 34.Nf6 Nxf6 35.exf6 Qxf6 36.Re1 Ra6 37.Nf3 Nf7
38.Kg2 Bd7 39.Ne5 Nxe5 40.Qxe5+ Qxe5 41.fxe5 Ra3 42.Re3 Bb5 43.Rg3 Be7 44.Bc1 Ra1
45.Kh2 Bb4 46.Bd2 Bxd2 47.Rxd2 Re1 48.Rg7 f4 49.Rxh7 Be2 50.Rf7 f3 51.h4 Rc1
52.h5 Rc8 53.Kg3 Rh8 54.Kh4 Ka7 55.Rf6 b6 56.Ra2+ Kb7 57.h6 Kc6 58.Kg3 Kb5
59.Rxe6 Kb4 60.Rxb6+ Kc3 61.Kf2 Kxd4 62.Ra7 Kxe5 63.Re7+ Kd4 64.b4 Kc3 65.b5 d4
66.h7 d3 67.Ke3 Rf8 68.Rf6 Rd8 69.Rd6 Rf8 70.Kf2 Kc4 71.b6 Kc5 72.Red7  1-0

[Event "10th Open"]
[Site "Stuttgart GER"]
[Date "2005.05.05"]
[Round "2"]
[White "Karpatchev,A"]
[Black "Hoeschele,HU"]
[Result "1-0"]
[WhiteElo "2472"]
[BlackElo "2187"]

1.e4 g6 2.d4 Bg7 3.Nc3 c6 4.Nf3 d6 5.Bc4 b5 6.Nxb5 d5 7.Bb3 Nf6 8.Nc3 dxe4
9.Ng5 O-O 10.O-O Bg4 11.Qd2 Bf5 12.Re1 h6 13.Ngxe4 Nxe4 14.Nxe4 Bxd4 15.Qxh6 Bg7
16.Qh4 Bxe4 17.Qxe4 e6 18.c3 Qf6 19.Be3 e5 20.Rad1 Na6 21.Rd7 Rac8 22.Red1 Nc7
23.Bc5 Ne6 24.Be7  1-0

[Event "ch-FRA National 1"]
[Site "Lille FRA"]
[Date "2005.05.07"]
[Round "10"]
[White "Saada,J"]
[Black "Alanic,X"]
[Result "1/2-1/2"]
[WhiteElo "2250"]
[BlackElo "2250"]

1.d4 g6 2.e4 Bg7 3.Nc3 c6 4.g3 d5 5.exd5 cxd5 6.Bg2 Nf6 7.Nge2 O-O 8.O-O Nc6
9.h3 e6 10.Be3 a6 11.Qd2 b5 12.Bh6 Bxh6 13.Qxh6 Bd7 14.Nd1 b4 15.g4 Ne8 16.Ne3 Qf6
17.Rad1 Nd6 18.Kh1 Na5 19.Nf4 Qg7 20.Qxg7+ Kxg7 21.Nd3 Bb5 22.Rfe1 Bxd3 23.Rxd3 Nac4
24.Nd1 Rfc8 25.f4 Ra7 26.Re2 Rac7 27.Rg3 Nb6 28.Ne3 Nb5 29.Rf2 Nc4 30.Nd1 Nxd4
31.f5 Nd6 32.c3 bxc3 33.bxc3 N4b5 34.fxe6 fxe6 35.Re3 Re8 36.a4 d4 37.cxd4 Nxd4
38.Rd2 e5 39.Bf1 a5 40.Nb2 Rc1 41.Kg2 Nc2 42.Ree2 Ne1+ 43.Rxe1 Rxe1 44.Rxd6 e4
45.Rd1 Re3 46.Nc4 Rc3 47.Be2 Rc2 48.Rd2 Rc3 49.g5 Re7 50.Nxa5 Rc5 51.Nb3 Rxg5+
52.Kh1 Rg3 53.Nd4 Rxh3+ 54.Kg2 Ra3 55.Nc6 Rf7 56.a5 e3 57.Rb2 Rf2+ 58.Kg3 Rf6
59.Rc2 Rd6 60.Kf3 Rd2 61.Rc4 Raa2 62.Nd4 Rxa5 63.Kxe3 Rb2 64.Rc7+ Kh6 65.Nf3 Ra8
66.Re7 Rbb8 67.Re4 Re8 68.Ne5 Kg7 69.Bb5 Re7 70.Kd4 h5 71.Bd3 Ra4+ 72.Bc4 g5
73.Re1 Ra5 74.Bd5 g4 75.Rf1 Ra4+ 76.Nc4 Kg6 77.Bc6 Ra6 78.Be4+ Kh6 79.Rf8 h4
80.Rf4 Rg7 81.Ne3 Ra4+ 82.Ke5 Rg5+ 83.Kf6 Ra6+ 84.Kf7 Kh5 85.Nf5 h3 86.Ng3+ Kh4
87.Nf5+ Rxf5+ 88.Bxf5 h2 89.Rxg4+ Kh5 90.Rg8 h1=Q 91.Bg4+ Kh4 92.Rh8+  1/2-1/2

[Event "ch-FRA National 1"]
[Site "Lille FRA"]
[Date "2005.05.08"]
[Round "11"]
[White "Winants,L"]
[Black "Todorov,T"]
[Result "1/2-1/2"]
[WhiteElo "2535"]
[BlackElo "2518"]

1.d4 g6 2.e4 Bg7 3.Nc3 c6 4.Be3 d6 5.f4 b5 6.e5 Nd7 7.Nf3 Nb6 8.Bd3 Nh6 9.O-O Bf5
10.h3 Bxd3 11.Qxd3 O-O 12.Rae1 f6 13.e6 f5 14.Ng5 d5 15.Nb1 Nc4 16.Bc1 Nd6
17.Nd2 Ne4 18.Ndf3 Qc8 19.c3 Bf6 20.Ne5 Bxe5 21.fxe5 Kg7 22.g4 Nxg5 23.Bxg5 Qxe6
24.Qe3 Nf7 25.gxf5 gxf5 26.Bh4 Nh8 27.Kh2 Ng6 28.Bg5 Kh8 29.h4 Rf7 30.h5 Rg8
31.Rg1 f4 32.Qf3 Nf8 33.Bh4 Rxg1 34.Rxg1 Qc8 35.Qg2 Ne6 36.Qh3 a5 37.h6 f3
38.Bf2 Qd7 39.Rg3 Rf8 40.Kg1 Qc8 41.Kf1 b4 42.cxb4 axb4 43.Kg1 Rg8 44.a4 bxa3
45.bxa3 Rxg3+ 46.Qxg3 Qf8 47.Be3 Qf5 48.Kf2 Qc2+ 49.Kxf3 Nxd4+ 50.Bxd4 Qe4+
51.Kf2 Qxd4+ 52.Ke2 Qe4+ 53.Kd2 Qd4+ 54.Kc1  1/2-1/2

[Event "ch-FRA National 1"]
[Site "Lille FRA"]
[Date "2005.05.08"]
[Round "11"]
[White "Platel,A"]
[Black "Pietrasanta,J"]
[Result "1/2-1/2"]
[WhiteElo "2149"]
[BlackElo "2220"]

1.e4 g6 2.d4 Bg7 3.Nc3 c6 4.f4 d5 5.e5 Nh6 6.Be2 f6 7.Nf3 Bg4 8.O-O O-O 9.Na4 Nd7
10.b4 Bxf3 11.Bxf3 e6 12.Rb1 Qe7 13.b5 fxe5 14.fxe5 Nf5 15.bxc6 bxc6 16.Rb3 Qh4
17.Bg4 c5 18.g3 Qd8 19.Bxf5 Rxf5 20.Rxf5 gxf5 21.c3 Qc7 22.Ba3 c4 23.Rb2 Nf8
24.Bd6 Qf7 25.Nc5 Qg6 26.Qf3 h5 27.h4 Bh6 28.Kh2 Kh8 29.Rb7 f4  1/2-1/2

[Event "FSGM May"]
[Site "Budapest HUN"]
[Date "2005.05.13"]
[Round "7"]
[White "Kun,G"]
[Black "Paschall,W"]
[Result "0-1"]
[WhiteElo "2336"]
[BlackElo "2400"]

1.e4 g6 2.d4 Bg7 3.Nc3 c6 4.Bc4 b5 5.Bb3 a5 6.a4 b4 7.Nce2 Ba6 8.c3 bxc3
9.bxc3 d6 10.Nf3 e6 11.O-O Ne7 12.Re1 O-O 13.Bf4 Qc7 14.e5 d5 15.Ng3 Nd7
16.h4 Rab8 17.h5 c5 18.Bc2 cxd4 19.cxd4 Rb2 20.Rc1 Qb6 21.Rb1 Rc8 22.Rxb2 Qxb2
23.Bb1 Nc6 24.Be3 Qb4 25.Ng5 Qe7 26.hxg6 hxg6 27.Qg4 Nf8 28.Nf3 Qb4 29.Bg5 Nxe5
30.Rxe5 Qxb1+ 31.Re1 Qb4 32.Ra1 e5 33.Be3 Ne6 34.Qh3 exd4 35.Bd2 Qb6 36.Re1 d3
37.Bxa5 Qxa5 38.Rxe6 d2 39.Nxd2 Qxa4 40.Nf3 Rc1+ 41.Kh2 Bc8 42.Ng5 Bxe6 43.Nxe6 fxe6
44.Qxe6+ Kh7 45.Qh3+ Bh6 46.Nh5 Rh1+  0-1

[Event "Open"]
[Site "Znojmo CZE"]
[Date "2005.05.16"]
[Round "3"]
[White "Stokke,K"]
[Black "Karlik,V"]
[Result "0-1"]
[WhiteElo "2226"]
[BlackElo "2324"]

1.e4 g6 2.d4 Bg7 3.Nc3 c6 4.f4 d5 5.e5 Nh6 6.Nf3 Bg4 7.Be2 f6 8.Be3 O-O 9.O-O Nd7
10.h3 Bxf3 11.Bxf3 Nf5 12.Bf2 fxe5 13.fxe5 e6 14.Ne2 Qe7 15.c3 Rae8 16.Qd3 Qg5
17.Rae1 a6 18.Bg4 Bh6 19.Bg3 Qe3+ 20.Qxe3 Bxe3+ 21.Kh2 Bd2 22.Rb1 Nxg3 23.Kxg3 Rxf1
24.Rxf1 h5 25.Bf3 Rf8 26.h4 Be3 27.Rd1 b5 28.Rd3 Bh6 29.Kh3 c5 30.g4 c4  0-1

[Event "53rd ch-HUN w"]
[Site "Szeged HUN"]
[Date "2005.05.17"]
[Round "6"]
[White "Domany,Z"]
[Black "Lakos,N"]
[Result "0-1"]
[WhiteElo "2056"]
[BlackElo "2342"]

1.e4 g6 2.d4 Bg7 3.Nc3 c6 4.Be3 d6 5.Nf3 b5 6.a3 a6 7.Bd3 Nd7 8.Ne2 Ngf6
9.h3 e5 10.dxe5 dxe5 11.Rc1 Rb8 12.O-O c5 13.b3 Bb7 14.Ng3 Bc6 15.c4 b4 16.a4 Qe7
17.Qd2 h6 18.Rfd1 Kd8 19.Bb1 Kc7 20.Ne1 h5 21.f3 Nf8 22.Nd3 N6d7 23.Nf1 Ne6
24.Bf2 Bh6 25.Be3 Bg7 26.Bf2 Nd4 27.Ba2 Rbe8 28.Qe1 f5 29.Bxd4 exd4 30.exf5 Qd6
31.Qg3 Bh6 32.Rc2 gxf5 33.Qxd6+ Kxd6 34.Bb1 Rhg8 35.Kh1 h4 36.Re1 Rxe1 37.Nxe1 Re8
38.Ra2 Rxe1  0-1

[Event "Open"]
[Site "Znojmo CZE"]
[Date "2005.05.18"]
[Round "5"]
[White "Zaja,I"]
[Black "Vokac,M"]
[Result "1/2-1/2"]
[WhiteElo "2489"]
[BlackElo "2454"]

1.d4 g6 2.e4 Bg7 3.Nc3 c6 4.Nf3 d6 5.a4 a5 6.Bc4 Nf6 7.Bb3 O-O 8.O-O Na6
9.h3 Nb4 10.Re1 Nd7 11.Bg5 Kh8 12.e5 f6 13.exd6 exd6 14.Bf4 d5 15.Bd6 Rg8
16.Be7 Qc7 17.Kh1 Nf8 18.Qd2 Ne6 19.Bxb4 axb4 20.Ne2 Qd6 21.c3  1/2-1/2

[Event "TCh-SCG w"]
[Site "Herceg Novi SCG"]
[Date "2005.05.19"]
[Round "5"]
[White "Randjelovic,D1"]
[Black "Petrovic,Mari"]
[Result "1/2-1/2"]
[WhiteElo "2081"]
[BlackElo "2221"]

1.e4 g6 2.d4 Bg7 3.Nc3 c6 4.a4 d6 5.g3 Nf6 6.Bg2 O-O 7.Nge2 Nbd7 8.O-O e5
9.h3 Qc7 10.Be3 Re8 11.Qd2 exd4 12.Bxd4 Ne5 13.b3 c5 14.Nb5 Qc6 15.Bxe5 dxe5
16.Nec3 a6 17.Nd5 Bxh3 18.Bxh3 axb5 19.axb5 Qd6 20.Nxf6+ Qxf6 21.Qd7 Rab8
22.Qc7 h5 23.Ra7 b6 24.f4 Rf8 25.fxe5 Qxe5 26.Rxf7 Rxf7 27.Qxf7+ Kh7 28.Bg2 Rg8
29.Qf3 Rd8 30.Rb7 Rd6 31.Qf4 Qd4+ 32.Kh2 Rf6 33.Qc7 Rd6 34.Rxb6 Rxb6 35.Qxb6 Be5
36.Qe6 Kh6 37.b6 h4 38.b7 Bxg3+ 39.Kh3 Qe3 40.Qg4 Qg1 41.Qxg3 hxg3 42.b8=Q Qh2+
43.Kg4 Qxg2  1/2-1/2

[Event "53rd ch-HUN w"]
[Site "Szeged HUN"]
[Date "2005.05.20"]
[Round "9"]
[White "Gara,A"]
[Black "Rudolf,An"]
[Result "0-1"]
[WhiteElo "2400"]
[BlackElo "2210"]

1.e4 g6 2.d4 Bg7 3.Nc3 c6 4.f4 d5 5.e5 Nh6 6.Nf3 Bg4 7.Be3 f6 8.Be2 O-O 9.h3 Bxf3
10.Bxf3 fxe5 11.fxe5 Nf5 12.Bf2 e6 13.O-O Nd7 14.Re1 c5 15.Nb5 a6 16.Nd6 Nxd4
17.Bg4 Rxf2 18.Kxf2 Bxe5 19.c3 Qf8+ 20.Kg1 Qxd6 21.cxd4 Bxd4+ 22.Kh1 Re8
23.Qe2 Nf6 24.Bf3 e5 25.Qc2 e4 26.Be2 Be5 27.Rad1 Kg7 28.Bc4 Bd4 29.Be2 Qb6
30.b3 Qb4 31.Qc1 Qc3 32.Qxc3 Bxc3 33.Rf1 d4 34.Rc1 Re7 35.a4 Nd5 36.Rfd1 Bb4
37.Rc4 Nc3 38.Rxc3 Bxc3 39.Bc4 d3 40.Kg1 Re8 41.Kf1 Rf8+ 42.Kg1 Bd4+ 43.Kh2 Rf4
44.Kh1 Kf6 45.Kh2 Bf2 46.g3 Rf3 47.g4 Ke5 48.Kg2 Kf4 49.Bd5 Ke3 50.Bxb7 Ke2
51.Ra1 Rg3+ 52.Kh2 d2 53.Bxa6+ Rd3 54.Kg2 d1=Q 55.Rxd1 Kxd1 56.Kxf2 e3+  0-1

[Event "Open"]
[Site "Znojmo CZE"]
[Date "2005.05.20"]
[Round "7"]
[White "Vymazal,B"]
[Black "Karlik,V"]
[Result "1/2-1/2"]
[WhiteElo "2192"]
[BlackElo "2324"]

1.e4 g6 2.d4 Bg7 3.Nc3 c6 4.g3 d5 5.exd5 cxd5 6.Bg2 Nf6 7.Bg5 e6 8.Nf3 Nc6
9.O-O O-O 10.Ne2 h6 11.Bf4 Kh7 12.c3 Bd7 13.Qd3 Ne4 14.Nd2 f5 15.f3 Nf6 16.b3 Be8
17.Be5 g5 18.Rfd1 Bg6 19.f4 Bh5 20.Bxf6 Bxf6  1/2-1/2

[Event "Chigorin CC"]
[Site "St Petersburg RUS"]
[Date "2005.05.23"]
[Round "7"]
[White "Kulikov,E"]
[Black "Timchenko,A"]
[Result "1-0"]
[WhiteElo "2238"]
[BlackElo "2101"]

1.e4 g6 2.d4 Bg7 3.Nc3 c6 4.f4 d5 5.e5 f6 6.Nf3 Nh6 7.Be3 Bg4 8.h3 Bxf3 9.Qxf3 O-O
10.exf6 exf6 11.g4 Re8 12.O-O-O b5 13.Bd3 b4 14.Ne2 Qe7 15.Bd2 Nd7 16.f5 g5
17.h4 Nf7 18.Ng3 c5 19.Rde1 Qd6 20.Re6 Rxe6 21.fxe6 Qxe6 22.hxg5 cxd4 23.Bxh7+ Kf8
24.Bxb4+ Ke8 25.Nf5 Bf8 26.Nxd4 Nxg5 27.Bg6+ Qf7 28.Bxf7+ Kxf7 29.Qxd5+  1-0

[Event "Chigorin CC"]
[Site "St Petersburg RUS"]
[Date "2005.05.23"]
[Round "7"]
[White "Orlov,Va"]
[Black "Shushpanov,V"]
[Result "1-0"]
[WhiteElo "2430"]
[BlackElo "2390"]

1.e4 g6 2.d4 Bg7 3.Nc3 c6 4.Bc4 d5 5.exd5 b5 6.Bb3 b4 7.Nce2 cxd5 8.a3 bxa3
9.Rxa3 Nf6 10.Nf3 O-O 11.O-O Nc6 12.Ne5 Qb6 13.Nc3 e6 14.Be3 Na5 15.Na4 Qc7
16.Nc5 Nxb3 17.Rxb3 Rb8 18.Rxb8 Qxb8 19.Qa1 Qc7 20.Qa3 Ne4 21.Ned3 Nd6 22.Bf4 Rd8
23.c3 Qb6 24.Ra1 Nb5 25.Qb4 Bd7 26.Ra6 Bf8 27.Rxb6 axb6 28.h3 Ra8 29.c4 Nxd4
30.Qxb6  1-0

[Event "TCh-ROM A"]
[Site "Tusnad ROM"]
[Date "2005.05.24"]
[Round "4"]
[White "Stefan,E"]
[Black "Padurariu,I"]
[Result "1/2-1/2"]
[WhiteElo "2068"]
[BlackElo "2153"]

1.e4 g6 2.d4 c6 3.Nc3 Bg7 4.f4 d5 5.e5 h5 6.Nf3 Bg4 7.h3 Bxf3 8.Qxf3 h4 9.Bd3 e6
10.Be3 Nh6 11.Bf2 Nd7 12.g4 hxg3 13.Qxg3 Bf8 14.O-O-O Qa5 15.h4 Nf5 16.Qg4 Bb4
17.Nb1 O-O-O 18.a3 Be7 19.h5 Rdg8 20.hxg6 Rxh1 21.Rxh1 fxg6 22.Nd2 Qd8 23.Nf3 Nf8
24.c3 Qe8 25.Bh4 Rh8 26.Rh3 Ne3 27.Qg1 Nf5 28.Qg4 Ne3 29.Qg1 Nf5 30.Qg4 Ne3
31.Qg1 Nf5  1/2-1/2

[Event "13th Guillermo Garcia mem Prem II"]
[Site "Santa Clara CUB"]
[Date "2005.05.25"]
[Round "5"]
[White "Giaccio,A"]
[Black "Arencibia,W"]
[Result "1-0"]
[WhiteElo "2478"]
[BlackElo "2530"]

1.e4 g6 2.d4 Bg7 3.Nc3 c6 4.f4 d5 5.e5 Nh6 6.Bd3 f6 7.Nf3 Bg4 8.h3 Bxf3 9.Qxf3 O-O
10.exf6 exf6 11.f5 Na6 12.O-O Nb4 13.fxg6 f5 14.gxh7+ Kh8 15.Ne2 Qf6 16.c3 Nxd3
17.Qxd3 Rae8 18.Ng3 Qg6 19.Bxh6 Bxh6 20.Rxf5 Rf7 21.Rf3 Qxd3 22.Rxd3 Be3+
23.Kh1 Bf2 24.Nf1 Kxh7 25.Rad1 Bh4 26.Nd2 Bg5 27.Nf3 Bf4 28.g3 Bh6 29.Ne5 Rf5
30.Kg2 c5 31.Rf3 Rxf3 32.Kxf3 cxd4 33.cxd4 Rc8 34.Rd3 Rc2 35.Rb3 b6 36.Rb5 Bg7
37.a4 Rd2 38.Rxd5 Rxb2 39.Nc6 a6 40.Rd7 b5 41.axb5 axb5 42.Rb7 Kg6 43.h4 Bf6
44.Ne7+ Kh5 45.Nd5 Bxd4 46.Nf4+ Kh6 47.g4  1-0

[Event "TCh-ROM A"]
[Site "Tusnad ROM"]
[Date "2005.05.28"]
[Round "8"]
[White "Ardelean,G"]
[Black "Bogdan,D"]
[Result "1/2-1/2"]
[WhiteElo "2447"]
[BlackElo "2467"]

1.e4 g6 2.d4 Bg7 3.Nc3 c6 4.f4 d5 5.e5 Nh6 6.Be3 f6 7.Qd2 O-O 8.Nf3 Bg4 9.Be2 Nf5
10.O-O-O Bh6 11.exf6 Nxe3 12.Qxe3 exf6 13.Kb1  1/2-1/2

[Event "TCh-ROM A"]
[Site "Tusnad ROM"]
[Date "2005.05.29"]
[Round "9"]
[White "Dumitrescu,D"]
[Black "Helmer,J"]
[Result "1-0"]
[WhiteElo "2353"]
[BlackElo "2260"]

1.d4 g6 2.e4 Bg7 3.Nc3 c6 4.Nf3 d6 5.Bc4 Nf6 6.Bb3 O-O 7.h3 Qa5 8.O-O Nbd7
9.Be3 e5 10.Qd2 b5 11.a3 Bb7 12.dxe5 dxe5 13.Qd6 Rad8 14.Rfd1 Ne8 15.Qb4 Qc7
16.Bxa7 Nef6 17.Be3 Nb8 18.Rxd8 Rxd8 19.Ng5 Rd7 20.Rd1 Rxd1+ 21.Nxd1 Bf8
22.Qd2 c5 23.Bxf7+ Kh8 24.Bd5 Bxd5 25.exd5 Bd6 26.Nc3  1-0

[Event "TCh-BIH Prem"]
[Site "Neum BIH"]
[Date "2005.06.08"]
[Round "5"]
[White "Zelic,Z"]
[Black "Nurkic,S"]
[Result "0-1"]
[WhiteElo "2366"]
[BlackElo "2409"]

1.e4 g6 2.d4 Bg7 3.Nc3 c6 4.f4 d5 5.e5 h5 6.Be3 Nh6 7.Nf3 Bg4 8.h3 Bxf3 9.Qxf3 h4
10.Bd3 e6 11.O-O Nf5 12.Bf2 Bf8 13.Ne2 Be7 14.b3 b5 15.c4 bxc4 16.bxc4 dxc4
17.Bxc4 Kf8 18.Bd3 Kg7 19.Rfc1 a5 20.Be4 Ra6 21.Rc2 Qd7 22.Rac1 Rd8 23.Kh2 Qb7
24.Bd3 Ra8 25.Bxf5 exf5 26.Qc3 Qd7 27.Qb3 a4 28.Qc4 a3 29.Be1 Kg8 30.Rb1 Ra7
31.Ng1 Na6 32.Nf3 Nc7 33.Bd2 Ne6 34.Be3 Rc7 35.Rd1 Rb8 36.Bc1 Rb1 37.Rd3 Rb4
38.Qc3 Rb5 39.Qc4 Rd5 40.Bxa3 c5 41.Qb3 Nxf4 42.Rd1 Ne6 43.Rdc1 Rb7 44.Qc4 Nxd4
45.Nxd4 Rxd4 46.Qe2 Qd5 47.Bxc5 Re4 48.Qf2 Qxe5+ 49.Kh1 Bxc5 50.Rxc5 Qf4
51.Rc8+ Kg7 52.Qc5 Rbe7 53.Qc3+ Qe5 54.Kg1 Qxc3 55.R8xc3 Re2 56.R1c2 Re1+
57.Kf2 Ra1 58.Rd3 Ree1 59.Rdd2 Re4 60.Rb2 g5 61.Re2 Ra4 62.Rec2 f6 63.Ke3 Kg6
64.Kd3 Ra3+ 65.Kc4 g4 66.Kb4 Ra8 67.hxg4 fxg4 68.Rc4 f5 69.Kb3 Re8 70.a4 Re3+
71.Kb4 Rea3 72.Kb5 Kg5 73.Rd2 R1a2 74.Rcc2 Rxc2 75.Rxc2 Kf4 76.a5 Kg3 77.a6 f4
78.Kb6 h3  0-1

[Event "TCh-BIH Prem"]
[Site "Neum BIH"]
[Date "2005.06.09"]
[Round "6"]
[White "Brenjo,S"]
[Black "Nurkic,S"]
[Result "1/2-1/2"]
[WhiteElo "2463"]
[BlackElo "2409"]

1.e4 g6 2.d4 Bg7 3.Nc3 c6 4.Bc4 d5 5.exd5 b5 6.Bb3 b4 7.Nce2 cxd5 8.Nf3 Nf6
9.O-O O-O 10.a3 bxa3 11.Rxa3 Nc6 12.Ne5 Bb7 13.Bf4 e6 14.Re1 Nd7 15.Nxd7 Qxd7
16.Ba4 Qe7 17.Qd2 Rfc8 18.Bxc6 Rxc6 19.Rea1 Rac8 20.c3 a6 21.Re1 Rb6 22.Nc1 Bc6
23.Nd3 Bb5 24.Nc5 f6 25.Be3 Qf7 26.Bh6 Bh8 27.b3 e5 28.Be3 Rbc6 29.f3 Bg7
30.Bf2 exd4 31.cxd4 Re8 32.Raa1 Rcc8 33.Nxa6 Bxa6 34.Rxa6 Qb7 35.Rxe8+ Rxe8
36.Qd3 Rb8 37.Bg3 Qxb3 38.Qxb3 Rxb3 39.Ra8+ Kf7 40.Ra7+ Kg8 41.Rd7 Rb1+ 42.Kf2 Rb2+
43.Kf1 Rb1+ 44.Ke2 Rb2+ 45.Kd3 Rxg2 46.Rxd5 f5 47.Rd8+ Kf7 48.Rd7+ Kf8 49.d5 Bf6
50.Rb7 g5 51.d6 f4 52.Be1 Rxh2 53.Bc3 Rh6 54.Rb8+ Kf7 55.d7 Be7 56.d8=Q Bxd8
57.Rxd8 Re6 58.Bd4 h5 59.Rh8 Kg6 60.Kc4 g4 61.Kd5 Re2 62.Rg8+ Kf5 63.Rf8+ Kg5
64.Bf6+ Kg6 65.Be5 gxf3 66.Rxf4 f2 67.Bd4 Kg5 68.Rf8 h4 69.Bxf2 h3 70.Bg3 Kg4
71.Bc7 Rc2 72.Be5 Rd2+ 73.Kc4 Re2 74.Bb8 Rb2 75.Be5 Re2 76.Bb8 Rb2 77.Rh8 Rxb8
78.Rxb8 h2 79.Rh8 Kg3 80.Kd3 Kg2 81.Ke2 h1=Q 82.Rg8+ Kh3 83.Rh8+ Kg2  1/2-1/2

[Event "TCh-IRI"]
[Site "Tehran IRI"]
[Date "2005.06.09"]
[Round "3"]
[White "Khaghani,M"]
[Black "Abbasov,F"]
[Result "1-0"]
[WhiteElo "2311"]
[BlackElo "2451"]

1.e4 g6 2.d4 Bg7 3.Nc3 c6 4.Bc4 d6 5.Qf3 e6 6.Nge2 Nd7 7.O-O a6 8.a4 Ngf6
9.a5 O-O 10.Bg5 Qc7 11.Rfd1 c5 12.Bb3 c4 13.Ba4 Rb8 14.e5 dxe5 15.dxe5 Nxe5
16.Qf4 Nfg4 17.h3 h6 18.hxg4 hxg5 19.Qxg5 Qxa5 20.Qf4 Qc7 21.g5 f5 22.gxf6 Rxf6
23.Rd8+ Kf7 24.Qd2 b5 25.Ne4 bxa4 26.Nd6+ Ke7 27.Re8+ Kd7 28.Nb5+ Kxe8 29.Nxc7+ Ke7
30.Rd1 Nd7 31.Nd4 Nb6 32.Nxa6 Rb7 33.Nc6+ Kf8 34.Qd6+ Kg8 35.Ne7+  1-0

[Event "National Open"]
[Site "Las Vegas USA"]
[Date "2005.06.10"]
[Round "2"]
[White "Perelshteyn,E"]
[Black "Pader,D"]
[Result "1/2-1/2"]
[WhiteElo "2507"]
[BlackElo "2234"]

1.e4 g6 2.d4 Bg7 3.Nc3 c6 4.Nf3 d6 5.a4 Nf6 6.h3 O-O 7.Be3 Nbd7 8.Be2 Qc7
9.O-O b6 10.Re1 Bb7 11.Bf1 a6 12.e5 Nd5 13.Nxd5 cxd5 14.Bf4 dxe5 15.Nxe5 Nxe5
16.Bxe5 Bxe5 17.Rxe5 Rae8 18.Qd2 f6 19.Re6 Bc8 20.Re3 Qd6 21.Rae1 Kg7 22.b3 e6
23.g3 Rf7 24.f4 Rfe7 25.h4 Rd8 26.Bd3 f5 27.R3e2 h5 28.Qe3 Kf7 29.Qe5 Qxe5
30.Rxe5 Rc7 31.Kf2 Rc3 32.R1e2 Rd6 33.Ke1 Rdc6 34.Kd1 Rc7 35.R5e3 Ke7 36.Re5 Kf7
37.R5e3 Kf6 38.Kd2 Kf7 39.Re1 Bd7 40.Rc1 a5 41.Bb5 Rxe3 42.Kxe3 Bxb5 43.axb5 Rc3+
44.Kf2  1/2-1/2

[Event "TCh-IRI"]
[Site "Tehran IRI"]
[Date "2005.06.10"]
[Round "5"]
[White "Shariatpanahi,H"]
[Black "Abbasov,F"]
[Result "0-1"]
[WhiteElo "2120"]
[BlackElo "2451"]

1.e4 g6 2.d4 Bg7 3.Nc3 c6 4.Nf3 d6 5.h3 Nd7 6.Bc4 d5 7.exd5 Nb6 8.Bb3 Nxd5
9.Ne2 Ngf6 10.O-O O-O 11.c4 Nb6 12.Ng3 Be6 13.Qe2 Nc8 14.Re1 b5 15.cxb5 Bxb3
16.axb3 cxb5 17.Qxb5 e6 18.Qa5 Rb8 19.b4 Nd5 20.Bd2 Qxa5 21.Rxa5 Nxb4 22.Bc3 Nd5
23.Ne5 Rb7 24.Ne4 Rc7 25.Nc5 Nxc3 26.bxc3 Nb6 27.Ned3 Nd5 28.Rc1 Rfc8 29.g3 h6
30.Kf1 Bf8 31.Ke2 h5 32.f4 Bh6 33.h4 Bf8 34.Kd2 Nb6 35.Ke2 Nd5 36.Kd2 Ne7
37.Ke2 Nc6 38.Rb5 Re8 39.Na6 Rcc8 40.Rb7 f6 41.Kd2 e5 42.d5 Na5 43.Rxa7 Nb3+
44.Kc2 Nxc1 45.Nxc1 exf4 46.gxf4 Red8 47.Nd3 Rxd5 48.Nf2 Rc4 49.Nd3 Ra4 50.Nc7 Rxa7
51.Nxd5 Kf7 52.c4 Ra3 53.Kd2 Ke6 54.Nc7+ Kf5 55.Nd5 Ra6 56.Kc3 Kg4 57.c5 Kxh4
58.N3b4 Re6 59.Kc4 Kg3 60.c6 Bxb4 61.c7 Re8 62.Kxb4 h4 63.Kc5 h3 64.Kd6 h2  0-1

[Event "Open"]
[Site "Voronezh RUS"]
[Date "2005.06.14"]
[Round "3"]
[White "Yandemirov,V"]
[Black "Gorbatov,A"]
[Result "1-0"]
[WhiteElo "2503"]
[BlackElo "2418"]

1.e4 g6 2.d4 Bg7 3.Nc3 c6 4.Nf3 d5 5.h3 dxe4 6.Nxe4 Nh6 7.Bc4 Nf5 8.c3 O-O
9.O-O Qc7 10.Nc5 Nd7 11.Nd3 Nb6 12.Bf4 Qd8 13.Bb3 Nd5 14.Be5 Bh6 15.Re1 b6
16.Qe2 a5 17.a4 Ba6 18.Rad1 Nd6 19.Bh2 Ra7 20.Nfe5 Qc8 21.Qf3 Bb7 22.Nxc6 Bxc6
23.Bxd5 Bxa4 24.Ra1 Bd7 25.Rxe7 Nf5 26.Ree1 Nh4 27.Qf6  1-0

[Event "White Nights"]
[Site "St Petersburg RUS"]
[Date "2005.06.19"]
[Round "2"]
[White "Lavrik,D"]
[Black "Eliseev,Alexe"]
[Result "0-1"]
[WhiteElo "2222"]
[BlackElo "2439"]

1.e4 g6 2.d4 Bg7 3.Nc3 c6 4.Be3 d5 5.e5 Nh6 6.Qd2 Nf5 7.O-O-O Nxe3 8.Qxe3 Bf5
9.f4 Nd7 10.Nf3 b5 11.h3 h5 12.Nh4 e6 13.Nxf5 gxf5 14.Be2 b4 15.Nb1 h4 16.Bd3 Rh6
17.g4 hxg3 18.Qxg3 Rg6 19.Qf2 Bf8 20.Rdg1 Rh6 21.h4 Qa5 22.Rg8 O-O-O 23.Qg1 Rh7
24.h5 Bh6 25.Rh4 Rh8 26.Rxh8 Rxh8 27.a3 bxa3 28.Nxa3 Kc7 29.c3 Rb8 30.Qf2 c5
31.dxc5 Nxe5 32.Bb1 Nd7 33.c6 Kxc6 34.Nc2 Kc7 35.Nd4 Qa1 36.Qe2 Rg8 37.Qf2 Nc5
38.Nb5+ Kc6 39.Nd4+ Kd7 40.Qf1 Rb8 41.Qe2 Rxb2  0-1

[Event "White Nights"]
[Site "St Petersburg RUS"]
[Date "2005.06.20"]
[Round "3"]
[White "Kudriavtsev,Y"]
[Black "Timchenko,A"]
[Result "1/2-1/2"]
[WhiteElo "1988"]
[BlackElo "2101"]

1.e4 g6 2.d4 Bg7 3.Nc3 c6 4.f4 d5 5.e5 f6 6.Nf3 Nh6 7.Be2 Bg4 8.O-O O-O 9.Be3 Nd7
10.Bf2 Bxf3 11.Bxf3 fxe5 12.fxe5 e6 13.Ne2 Qe7 14.Ng3 c5 15.c3 Rac8 16.Rc1  1/2-1/2

[Event "19th Open Pula"]
[Site "Pula CRO"]
[Date "2005.06.22"]
[Round "4"]
[White "Predojevic,B"]
[Black "Saric,Ib"]
[Result "1/2-1/2"]
[WhiteElo "2549"]
[BlackElo "2456"]

1.e4 g6 2.d4 Bg7 3.Nc3 c6 4.f4 d5 5.e5 Nh6 6.Be3 Nf5 7.Bf2 h5 8.Nf3 e6 9.Qd2 Bf8
10.Bd3 Be7 11.O-O b6 12.Ne2 Ba6 13.b3 Bxd3 14.Qxd3 Kf8 15.c4 Kg7 16.Rfd1 Na6
17.Rac1  1/2-1/2

[Event "White Nights"]
[Site "St Petersburg RUS"]
[Date "2005.06.26"]
[Round "9"]
[White "Malakhov,I"]
[Black "Timchenko,A"]
[Result "1-0"]
[WhiteElo "2197"]
[BlackElo "2101"]

1.e4 g6 2.d4 Bg7 3.Nc3 c6 4.f4 Nf6 5.Nf3 O-O 6.Bd3 d5 7.e5 Ne8 8.O-O f6 9.Ne2 Bg4
10.Ng3 e6 11.c3 Nd7 12.Be3 Qb6 13.Qd2 Bxf3 14.Rxf3 fxe5 15.fxe5 Rxf3 16.gxf3 c5
17.Kg2 cxd4 18.cxd4 Rc8 19.h4 Nf8 20.Rh1 h5 21.Ne2 Rc6 22.Nf4 Kf7 23.Kh3 Bh6
24.Nxd5 exd5 25.Bxh6 Ne6 26.Rg1 Qxd4 27.Bxg6+ Ke7 28.Qxd4 Nxd4 29.Bg5+ Kd7
30.Bxh5 Rc2 31.Rd1 Ne2 32.f4 Nc7 33.f5 Rxb2 34.e6+ Kd6 35.e7 Rxa2 36.f6 Ra3+
37.Kh2 Nc3 38.f7 Nxd1 39.f8=Q Ne6 40.e8=Q+  1-0